|
|
|
|
| LEADER |
00000cam a2200000 7i4500 |
| 001 |
0000003027 |
| 005 |
20040405.0 |
| 020 |
0 |
0 |
|a 0595232582
|
| 090 |
0 |
0 |
|a 337.109595
|b MBM 2002
|
| 100 |
0 |
0 |
|a M. Bakri Musa
|
| 245 |
1 |
0 |
|a Malaysia in the era of globalization
|c M. Bakri Musa
|
| 260 |
0 |
0 |
|a New York :
|b Writers Club Press ,
|c 2002
|
| 300 |
|
|
|a xvii, 466 p. ;
|c 23 cm.
|
| 500 |
0 |
0 |
|a Includes bibliographical references and index
|
| 650 |
0 |
0 |
|a Globalization
|
| 650 |
0 |
0 |
|a International economic integration
|
| 651 |
0 |
0 |
|a Malaysia
|x Economic conditions
|
| 651 |
0 |
0 |
|a Malaysia
|x Social conditions
|
| 998 |
|
|
|a JPSM
|
| 999 |
|
|
|a 0000005359
|b Monograph
|c Open Shelf
|e Default branch
|